000 00514nam a2200157Ia 4500
008 151021s9999 xx 000 0 und d
020 _a132169878
050 _aTK 5105.585.C66 1995
245 _a_Internetworking with TCP/IP Principles, protocols, and architecture (3rd ed) Douglas E. Comer
260 _aNew Jersey Prentice hall 1995
300 _axxv,613p.
500 _aInclude index
500 _aInclude index
650 _a_TCP/IP computer network protocals
980 _a^d20120827 10:48:11^oanne
999 _c12483
_d12483